Loading...
| Literature - British | 0 | 6 | 0 | 1 | 60 | 66 | 95.33 | 0 | 6 | 0.00 | 0.00 |
| Literature - World | 0 | 6 | 0 | 2 | 60 | 66 | 110.00 | 3 | 6 | 0.00 | 0.00 |
| History - American | 0 | 5 | 0 | 3 | 50 | 76 | 102.60 | 0 | 5 | 0.00 | 0.00 |
| Literature - American | 0 | 5 | 1 | 1 | 45 | 54 | 93.00 | 1 | 5 | 0.00 | 0.00 |
| Literature - European | 0 | 4 | 0 | 0 | 40 | 59 | 88.75 | 3 | 4 | 0.00 | 0.00 |
| History - World | 0 | 5 | 2 | 0 | 40 | 40 | 81.00 | 1 | 5 | 0.00 | 0.00 |
| History - Other | 0 | 4 | 1 | 0 | 35 | 70 | 76.50 | 2 | 4 | 0.00 | 0.00 |
| Social Science | 0 | 3 | 0 | 1 | 30 | 69 | 89.33 | 0 | 3 | 0.00 | 0.00 |
| Fine Arts - Painting and Sculpture | 0 | 3 | 0 | 1 | 30 | 54 | 104.33 | 2 | 3 | 0.00 | 0.00 |
| Fine Arts - Classical Music | 0 | 3 | 0 | 1 | 30 | 51 | 98.33 | 1 | 3 | 0.00 | 0.00 |
| Other Academic | 0 | 2 | 0 | 0 | 20 | 62 | 79.50 | 1 | 2 | 0.00 | 0.00 |
| History - European | 0 | 3 | 3 | 0 | 15 | 63 | 79.33 | 1 | 3 | 0.00 | 0.00 |
| Geography | 0 | 1 | 0 | 0 | 10 | 99 | 99.00 | 0 | 1 | 0.00 | 0.00 |
| Mythology | 0 | 1 | 0 | 0 | 10 | 98 | 98.00 | 1 | 1 | 0.00 | 0.00 |
| Science - Biology | 0 | 1 | 0 | 0 | 10 | 89 | 89.00 | 0 | 1 | 0.00 | 0.00 |
| Fine Arts - Other | 0 | 1 | 1 | 0 | 5 | 78 | 78.00 | 0 | 1 | 0.00 | 0.00 |